<?xml version="1.0" encoding="UTF-8"?>
<record
    xmlns:xsi="http://www.w3.org/2001/XMLSchema-instance"
    xsi:schemaLocation="http://www.loc.gov/MARC21/slim http://www.loc.gov/standards/marcxml/schema/MARC21slim.xsd"
    xmlns="http://www.loc.gov/MARC21/slim">

  <leader>00374nam a2200157Ia 4500</leader>
  <controlfield tag="008">220805s9999    xx            000 0 und d</controlfield>
  <datafield tag="020" ind1=" " ind2=" ">
    <subfield code="a">81-85594-27-9</subfield>
  </datafield>
  <datafield tag="041" ind1=" " ind2=" ">
    <subfield code="a">eng</subfield>
  </datafield>
  <datafield tag="082" ind1=" " ind2=" ">
    <subfield code="a">691</subfield>
  </datafield>
  <datafield tag="100" ind1=" " ind2=" ">
    <subfield code="a">Rangwala</subfield>
    <subfield code="9">87228</subfield>
  </datafield>
  <datafield tag="260" ind1=" " ind2=" ">
    <subfield code="a">Gujarat</subfield>
    <subfield code="b">Charotar</subfield>
    <subfield code="c">2004</subfield>
  </datafield>
  <datafield tag="245" ind1=" " ind2=" ">
    <subfield code="a">Building construcation</subfield>
  </datafield>
  <datafield tag="250" ind1=" " ind2=" ">
    <subfield code="a">22</subfield>
  </datafield>
  <datafield tag="300" ind1=" " ind2=" ">
    <subfield code="a">831</subfield>
  </datafield>
  <datafield tag="650" ind1=" " ind2=" ">
    <subfield code="a">Building construcation</subfield>
    <subfield code="9">87229</subfield>
  </datafield>
  <datafield tag="999" ind1=" " ind2=" ">
    <subfield code="c">47929</subfield>
    <subfield code="d">47929</subfield>
  </datafield>
  <datafield tag="952" ind1=" " ind2=" ">
    <subfield code="0">0</subfield>
    <subfield code="1">0</subfield>
    <subfield code="4">0</subfield>
    <subfield code="7">0</subfield>
    <subfield code="8">ID</subfield>
    <subfield code="a">MNVT</subfield>
    <subfield code="b">MNVT</subfield>
    <subfield code="d">2022-08-09</subfield>
    <subfield code="e">Purchase</subfield>
    <subfield code="g">126.00</subfield>
    <subfield code="l">0</subfield>
    <subfield code="o">691/RAN/B391</subfield>
    <subfield code="p">MNVT-BK-391</subfield>
    <subfield code="r">2022-08-09 00:00:00</subfield>
    <subfield code="w">2022-08-09</subfield>
    <subfield code="y">BK</subfield>
    <subfield code="z">B391</subfield>
  </datafield>
  <datafield tag="952" ind1=" " ind2=" ">
    <subfield code="0">0</subfield>
    <subfield code="1">0</subfield>
    <subfield code="4">0</subfield>
    <subfield code="7">0</subfield>
    <subfield code="8">ID</subfield>
    <subfield code="a">MNVT</subfield>
    <subfield code="b">MNVT</subfield>
    <subfield code="d">2022-08-09</subfield>
    <subfield code="e">Purchase</subfield>
    <subfield code="g">135.00</subfield>
    <subfield code="l">0</subfield>
    <subfield code="o">691/RAN/B408</subfield>
    <subfield code="p">MNVT-BK-408</subfield>
    <subfield code="r">2022-08-09 00:00:00</subfield>
    <subfield code="w">2022-08-09</subfield>
    <subfield code="y">BK</subfield>
    <subfield code="z">B408</subfield>
  </datafield>
</record>
